00658nam a2200217Ia 4500003000400000005001700004008004100021040000700062041000800069082001900077100005100096245002300147250000600170260003900176300001800215365001300233906002500246942001200271999001900283952013800302OSt20230506123820.0210423s2007 xx 000 0 und d cAL aeng a547223b SOLT aSOLOMONS (T W Graham);FRYHLE (Craig B).999408 aOrganic chemistry. a8 aNew DelhibJohn Wiley & Sonsc2007 axxxii,1255,60 b579cINR achemistry. ; Organic 2ddccBK c163759d163759 001040708BIOCaSACPGbSACPGd2008-09-11eHigginbothams Pvt Ltdg579.00l0o547 SOLTpPG010256r2022-08-24 00:00:00w2021-04-26yBK